000 00420nam a22001697a 4500
003 OSt
005 20211130094357.0
008 211130b |||||||| |||| 00| 0 eng d
020 _a8180692337
040 _cHU
082 _a372/1207/PAN
100 _aG. PANKAJAM
_921039
245 _aPRE - PRIMARY EDUCATION PHILOSOPHY AND PRACTICE
260 _aNEW DELHI
_bCONCEPT
_c2005
300 _a288P
942 _2ddc
_cBOOKS
_n0
999 _c20668
_d20668